General Mario Characters - Statistics

General Stats
  • This quiz has been taken 37 times
  • The average score is 8 of 10
Answer Stats
Answer % Correct
The Koopa King Bowser
100%
The Plumber With The Green Cap And The Above's Brother Luigi
100%
The Plumber With The Red Cap Mario
100%
The Main Damsel In Distress Who Is A Princess With Blond Hair Peach
100%
The Dinosaur Who Eats Fruit Yoshi
100%
The Princess Who Has Brown Hair And Her Name Starts With D Daisy
97%
A Ghost Which Only Follows You If You Look Away From It Boo
76%
A Creature With A Green Or Red Shell But Cannot Fly Koopa Troopa
69%
An Enemy Who Throws Hammers And Wears A Helmet Hammer Bros
41%
What #1 Crushes With His Feet (Starts With G) Goombas
24%
No matching quizzes found
Score Distribution
Percent of People with Each Score
Percentile by Number Answered
Your Score History
You have not taken this quiz